Filósofos de la paz y de la guerra : Kant, Claussewitz, Marx, Engels y Tolstoi /

Збережено в:
Бібліографічні деталі
Автор: Gallie, W.B (autor)
Інші автори: Ferreiro Santana, Jorge (traducción) (traducción)
Формат: Книга
Мова:Іспанська
Опубліковано: México : Fondo de Cultura Económica, 1980, c1979
Теги: Додати тег
Немає тегів, Будьте першим, хто поставить тег для цього запису!

MARC

LEADER 00000nam^a2200000^a^4500
001 000572157
005 20250521000000.0
009 20260310132303.427
020 |a 968-16-0375-3 
037 |a Acervo Xavier Clavigero 
041 |a ESP 
091 |a FPA. 03633 
100 |a Gallie, W.B.  |e (autor) 
245 1 0 |a Filósofos de la paz y de la guerra :  |b Kant, Claussewitz, Marx, Engels y Tolstoi / 
264 4 |a México :  |b Fondo de Cultura Económica,  |c 1980, c1979 
300 |a 275 p. 
336 |a texto  |b txt  |2 rdacontenido 
337 |a sin mediación  |b n  |2 rdamedio 
338 |a volumen  |b nc  |2 rdasoporte 
649 |a XX 
700 |a Ferreiro Santana, Jorge  |e (traducción) 
910 |a Fondo José Ignacio Palencia Gómez S.J. 
920 |a Impresos - Libros 
930 |a Fondos Especiales 
905 |a 137 
901 |a 0500356291  |b IT2  |c ESL  |i D  |u 20250521 
902 |a https://opac.biblio.iteso.mx/vufind/Record/000572157